Detalles MARC
| 000 -CABECERA |
| campo de control de longitud fija |
01053nam a2200241 a 4500 |
| 001 - NÚMERO DE CONTROL |
| campo de control |
000038906 |
| 005 - FECHA Y HORA DE LA ÚLTIMA TRANSACCIÓN |
| campo de control |
20201002031420.0 |
| 008 - DATOS DE LONGITUD FIJA--INFORMACIÓN GENERAL |
| campo de control de longitud fija |
130502s1979 dr ab 001 0 spa d |
| 040 ## - FUENTE DE LA CATALOGACIÓN |
| Centro catalogador/agencia de origen |
DO-SdBNP |
| Lengua de catalogación |
spa |
| Centro/agencia transcriptor |
BNPHU |
| 082 ## - NÚMERO DE LA CLASIFICACIÓN DECIMAL DEWEY |
| Número de clasificación |
910 |
| Número de documento/Ítem |
V743m, 1979 |
| 049 ## - FONDOS LOCALES (OCLC) |
| Fondos de biblioteca |
BNPD |
| 100 1# - ENTRADA PRINCIPAL--NOMBRE DE PERSONA |
| Nombre de persona |
Vincent Cepeda, Rosa Amelia |
| 9 (RLIN) |
1213 |
| 245 10 - MENCIÓN DE TÍTULO |
| Título |
Manual de geografía universal y especial de América : |
| Resto del título |
primer curso de educación media (7° curso) / |
| Mención de responsabilidad, etc. |
Rosa Amelia Vincent Cepeda. |
| 250 ## - MENCIÓN DE EDICIÓN |
| Mención de edición |
[2ª ed.] |
| 260 ## - PUBLICACIÓN, DISTRIBUCIÓN, ETC. |
| Lugar de publicación, distribución, etc. |
Santo Domingo : |
| Nombre del editor, distribuidor, etc. |
Amigo del Hogar, |
| Fecha de publicación, distribución, etc. |
1979. |
| 300 ## - DESCRIPCIÓN FÍSICA |
| Extensión |
223 p. : |
| Otras características físicas |
il., mapas ; |
| Dimensiones |
23 cm. |
| 500 ## - NOTA GENERAL |
| Nota general |
En la portada: Desarrollo del programa oficial de la reforma. |
| 504 ## - NOTA DE BIBLIOGRAFÍA, ETC. |
| Nota de bibliografía, etc. |
Bibliografía: p.223. |
| 505 0# - NOTA DE CONTENIDO CON FORMATO |
| Título |
La tierra como parte del sistema solar -- |
| -- |
Características físicas de la tierra -- |
| -- |
El hombre de la tierra. ECUMENE -- |
| -- |
América, un mundo de grandes contrastes. |
| Información miscelánea |
Bibliografía. |
| 650 #4 - PUNTO DE ACCESO ADICIONAL DE MATERIA--TÉRMINO DE MATERIA |
| Término de materia o nombre geográfico como elemento de entrada |
Geografía universal |
| Subdivisión general |
Enseñanza |
| 9 (RLIN) |
65153 |
| 650 #4 - PUNTO DE ACCESO ADICIONAL DE MATERIA--TÉRMINO DE MATERIA |
| Término de materia o nombre geográfico como elemento de entrada |
Geografía física |
| Subdivisión general |
Enseñanza |
| 9 (RLIN) |
65154 |
| 910 ## - DATOS DE OPCIÓN DEL USUARIO (OCLC) |
| Datos de opción del usuario |
Validado. Control de la calidad EMS |